| 000 | 00515nam a2200169Ia 4500 | ||
|---|---|---|---|
| 005 | 20251020182608.0 | ||
| 008 | 200515s9999 xx 000 0 und d | ||
| 082 | _aSC/616-083.98/P46 | ||
| 110 | _aPesca - Perú | ||
| 245 | 0 | _aManual de primeros auxilios y guía de control médico | |
| 260 | _aLima | ||
| 260 | _c1976 | ||
| 300 | _as.n. | ||
| 520 | _aPretende brindar al personal de la flota la ayuda necesaria en resguardo de su integridad física y de su salud | ||
| 650 | _aPRIMEROS AUXILIOS | ||
| 942 | _cLIB | ||
| 999 |
_c3256 _d3256 |
||